Cristóbal Colón y la leyenda
Saved in:
| Main Author: | |
|---|---|
| Format: | Book |
| Language: | Spanish |
| Published: |
Buenos Aires
Argos
1947
|
| Series: | Biblioteca Argos
|
| Subjects: | |
| Tags: |
Add Tag
No Tags, Be the first to tag this record!
|
MARC
| LEADER | 00000nam a2200000 a 4500 | ||
|---|---|---|---|
| 001 | UCP8293 | ||
| 003 | CL-VaPUC | ||
| 008 | 000114e19470000AG |||||||||||||||||spa|d | ||
| 082 | 0 | 4 | |a 923.9 |b VIG |2 21 |
| 100 | 0 | |a Vignaud, Henri |e author |9 438157 | |
| 245 | 1 | 0 | |a Cristóbal Colón y la leyenda |
| 300 | |a 192 p | ||
| 942 | |c BK | ||
| 945 | |d 20000114 00:00:00 |a rherrera | ||
| 260 | |a Buenos Aires |b Argos |c 1947 | ||
| 600 | 0 | 7 | |a COLON, CRISTOBAL |2 CL-VaPUC |9 265189 |
| 650 | 0 | |a Biografías |9 255210 | |
| 650 | 7 | |a EXPLORADORES |2 CL-VaPUC |9 314661 | |
| 650 | 7 | |a DECUBRIMIENTO DE AMERICA |2 CL-VaPUC |9 438158 | |
| 650 | 7 | |a IDEAS |2 CL-VaPUC |9 438159 | |
| 651 | 0 | |a España |9 254926 | |
| 651 | 7 | |a PORTUGAL |2 CL-VaPUC |9 255007 | |
| 583 | |a last modification |c 20000114 00:00:00 |k Rodrigo Vera | ||
| 490 | 0 | |a Biblioteca Argos | |
| 999 | |c 285225 |d 285223 | ||
| 952 | |0 0 |1 0 |4 0 |6 923_900000000000000_VIG_1947 |7 0 |8 X |9 329670 |a BIBHIS |b BIBHIS |d 2019-11-20 |i 1375180 |o 923.9 VIG 1947 |p 1375180 |r 2024-01-30 |w 2019-11-20 |y BK_X |k HIS | ||